000 00903nam a2200205Ia 4500
999 _c5138
_d5138
003 OSt
005 20200328111027.0
008 191128s1979 ck gr 000 0 spa d
040 _aCO-JMCR
_cCO-JMCR
041 0 _aspa
082 0 4 _a320.5 /
_bG652e
_221
100 1 _aGómez Duque, Luis Fernando,
_eautor
_92075
245 1 0 _aEstructura de las ideologías políticas /
_cLuis Fernando Gómez Duque
260 _aBogotá :
_bUniversidad Externado de Colombia,
_c1979
300 _aix, 237 páginas ;
_c24 cm.
504 _aBibliografía: páginas 235-237
505 0 _aEstructura de la ideología política liberal -- Pluralismo y funcionalismo en la estructura de la ideología del capitalismo neoliberal -- Estructura de la teoría de la dependencia -- Estructura de la ideología política conservadora -- Estructura de la ideo
650 _aCiencia política
_xideología
_92076
942 _2ddc
_cBK